000 00286nam a22001337a 4500
008 170810b xxu||||| |||| 00| 0 eng d
020 _a9781933988863
041 _aeng
080 _a004
100 _a35
101 _aSHKI
245 _aIPHONE IN ACTION
_cALLEN, CH
942 _2udc
_cBK
999 _c23135
_d23135